Belmont

Sam Macchi, Cindy Gao, Pablo Hu, Julian Halpern-Smith


Current Events - U.S.422.50100%50%75%
Current Events - World120.00100%100%0%
Fine Arts - Film220.00100%100%0%
Fine Arts - Miscellaneous320.00100%100%0%
Fine Arts - Music1118.18100%64%18%
Fine Arts - Opera215.00100%50%0%
Fine Arts - Painting820.00100%88%13%
Fine Arts - Photography220.00100%100%0%
Fine Arts - Sculpture215.00100%0%50%
Geography - Europe215.00100%50%0%
Geography - United States120.00100%100%0%
Geography - World225.00100%50%100%
History - American1121.8291%100%27%
History - Cross, Historiography, and Miscellaneous920.00100%67%33%
History - European722.86100%71%57%
History - World1023.00100%100%30%
Literature - American1022.0090%90%40%
Literature - British1225.83100%100%58%
Literature - European1027.00100%100%70%
Literature - World and Miscellaneous727.14100%100%71%
Other - Other Academic and General Knowledge420.00100%75%25%
RMP - Buddhism130.00100%100%100%
RMP - Christian Practice120.00100%100%0%
RMP - East Asian Religion120.00100%100%0%
RMP - Greco-Roman Mythology326.67100%100%67%
RMP - Hebrew Bible130.00100%100%100%
RMP - Islam220.00100%100%0%
RMP - Jewish Practice220.00100%50%50%
RMP - New Testament110.00100%0%0%
RMP - Philosophy620.00100%83%17%
RMP - World Mythology524.00100%100%40%
Science - Astronomy420.00100%75%25%
Science - Biology917.78100%67%11%
Science - Chemistry313.33100%33%0%
Science - Computer Science120.00100%100%0%
Science - Earth320.00100%100%0%
Science - Engineering and Miscellaneous25.0050%0%0%
Science - Physics914.44100%44%0%
Social Science - Economics320.00100%100%0%
Social Science - Linguistics120.00100%100%0%
Social Science - Other215.00100%50%0%
Social Science - Psychology225.00100%100%50%
Social Science - Sociology110.00100%0%0%